000 01520nam a2200337Ia 4500
003 OSt
005 20211109115957.0
008 191128t2008 mx ad fr 000 0dspa d
020 _a9789701069509
040 _aCO-JMCR
_cCO-JMCR
041 1 _aspa
_heng
082 0 4 _a339 /
_bD713m3
_223
100 1 _aDornbusch, Rudiger,
_eautor
_96785
245 1 3 _aMacroeconomía /
_cRudiger Dornbusch, Stanley Fischer y Richard Startz ; revisión técnica, Adriana del Carmen Riveroll Arellano, Ilana Méndez Castrejón
250 _aDécima edición
260 _aBarcelona :
_bMcGraw Hill,
_c2008
300 _axxvi, 627 páginas :
_bilustraciones y gráficos a blanco y negro ;
_c23 cm.
490 0 _aEducación
500 _aIncluye notas a pie de página, glosario y datos biográficos de los autores. Título original: Macroeconomics
505 0 _aIntroducción a la contabilidad del ingreso nacional -- Crecimiento, oferta y demanda agregadas, y políticas -- Los primeros modelos -- Fundamentos de la conducta -- Grandes acontecimientos, ajustes internacionales y temas avanzados
534 _pMacroeconomics
546 _aTraducido del inglés
650 1 4 _aMacroeconomía
_97835
650 1 4 _aModelos económicos
_97836
650 1 4 _aEconomías abiertas
_97837
700 1 _aFischer, Stanley,
_eautor
_97832
700 1 _aStartz, Richard,
_eautor
_97833
700 1 _aRiveroll Arellano, Adriana del Carmen,
_drevisora
_941449
700 1 _aMéndez Castrejón, Ilana,
_erevisora
_941450
942 _2ddc
_cBK
999 _c5851
_d5851